| 000 | 00376nam a2200145Ia 4500 | ||
|---|---|---|---|
| 008 | 230917s9999||||xx |||||||||||||| ||und|| | ||
| 040 |
_e180013 _aMAIN |
||
| 041 | _aEnglish | ||
| 082 | _a005.73 H365D | ||
| 100 | _aHein, James L | ||
| 245 | 0 | _aDescrete structures, logic and compatibility | |
| 260 |
_aNew Delhi _bNarosa Publishing House |
||
| 300 | _a943 p. | ||
| 942 | _cBK | ||
| 999 |
_c122538 _d122538 |
||